|
|
|
|
| LEADER |
01800nam a2200397 i 4500 |
| 001 |
41399 |
| 003 |
BD-DhAAL |
| 008 |
230724t2018 bg bs 001 0 eng d |
| 010 |
|
|
|a 2017350591
|
| 020 |
|
|
|a 9789849242864
|
| 025 |
|
|
|a B-E-2017350591 ; 22-92
|
| 037 |
|
|
|b Library of Congress -- New Delhi Overseas Office
|
| 040 |
|
|
|a DLC
|b eng
|e rda
|c DLC
|d DLC
|d BD-DhAAL
|
| 042 |
|
|
|a lcode
|a pcc
|
| 043 |
|
|
|a a-bg---
|
| 050 |
0 |
0 |
|a HG178.33.B3
|b K33 2018
|
| 082 |
|
|
|a 332.7095492
|2 23
|
| 100 |
1 |
|
|a Kabir, Ikhtiar Jahan,
|e author.
|9 55189
|
| 245 |
1 |
0 |
|a Crises afflicting the ultra poor :
|b emergency finance for coping /
|c Ikhtiar Jahan Kabir.
|
| 246 |
3 |
0 |
|a Emergency finance for coping
|
| 264 |
|
1 |
|a Dhaka, Bangladesh :
|b Academic Press and Publishers Library,
|c 2018.
|
| 300 |
|
|
|a xxx, 272 pages ;
|c 25 cm
|
| 500 |
|
|
|a "A study on emergency loan; Programmed Initiatives for Monga Eradication (PRIME), Palli Karma-Sahayak Foundation (PKSF)"--Cover.
|
| 500 |
|
|
|a Includes statistics.
|
| 504 |
|
|
|a Includes bibliographical references (pages 261-268) and index.
|
| 541 |
|
|
|a Donated By Akbar Ali Khan
|e 41399
|
| 610 |
2 |
0 |
|a Palli Karma-Sahayak Foundation (Bangladesh)
|9 38267
|
| 650 |
|
0 |
|a Microfinance
|z Bangladesh.
|
| 650 |
|
0 |
|a Financial services industry
|z Bangladesh.
|9 55190
|
| 650 |
|
0 |
|a Rural poor
|z Bangladesh.
|
| 710 |
2 |
|
|a Programmed Initiatives for Monga Eradication (Bangladesh),
|e associated name.
|9 55191
|
| 710 |
2 |
|
|a Palli Karma-Sahayak Foundation (Bangladesh),
|e associated name.
|9 38267
|
| 852 |
|
|
|a Ayesha Abed Library
|c Akbar Ali Khan Collection
|
| 942 |
|
|
|2 ddc
|c BK
|
| 999 |
|
|
|c 46022
|d 46022
|
| 952 |
|
|
|0 0
|1 0
|2 ddc
|4 0
|6 332_709549200000000_KAB
|7 1
|9 74121
|a BRACUL
|b BRACUL
|c AAKC
|d 2023-07-24
|e Donated By Akbar Ali Khan
|g 900.00
|l 0
|o 332.7095492 KAB
|p 3010041399
|r 2023-07-24
|t 1
|w 2023-07-24
|y BK
|